Contemporary China: economic and social studyes, documents, bibliography, chronology (Record no. 369391)

000 -LEADER
fixed length control field 00477cam a22001457a 4500
008 - FIXED-LENGTH DATA ELEMENTS--GENERAL INFORMATION
fixed length control field 180718b1956 xxu||||| |||| 00| 0 eng d
082 ## - DEWEY DECIMAL CLASSIFICATION NUMBER
Classification number A6x51 K631
245 ## - TITLE STATEMENT
Title Contemporary China: economic and social studyes, documents, bibliography, chronology
Statement of responsibility, etc. edited by E. Stuart Kirby
260 ## - PUBLICATION, DISTRIBUTION, ETC.
Place of publication, distribution, etc. Hongkong
Name of publisher, distributor, etc. University Press
Date of publication, distribution, etc. 1956
300 ## - PHYSICAL DESCRIPTION
Extent 264p.
650 ## - SUBJECT ADDED ENTRY--TOPICAL TERM
Topical term or geographic name entry element China - Economic conditions
650 ## - SUBJECT ADDED ENTRY--TOPICAL TERM
Topical term or geographic name entry element China - Politics
650 ## - SUBJECT ADDED ENTRY--TOPICAL TERM
Topical term or geographic name entry element China - History
700 ## - ADDED ENTRY--PERSONAL NAME
Personal name Kirby, E. Stuart
Holdings
Withdrawn status Lost status Damaged status Not for loan Permanent Location Current Location Date acquired Full call number Barcode Date last seen Price effective from Koha item type
        Indian Institute of Public Administration Indian Institute of Public Administration 1994-06-01 A6x51 K631 5008 2018-07-21 2018-07-21 Book

Powered by Koha